Celestial Objects - Sudden Death #1 - Statistics

General Stats
  • This quiz has been taken 11 times
  • The average score is 4 of 10
Answers on the Grid
Answers color-coded by a green-red scale on the quiz's grid according to % correct below.
Sun
Earth
TON-618
UY-Scuti
Crab Nebula
Pulsar
Triangulum
Milky Way
Haumea
Dysnomia
Death Star
Vulcan
Neith
The Fifth Giant
Lobster Nebula
The Fifth Giant
Green Dwarf Star
Asteroid Moons
Endor
Hailey's Asteroid
 
Answer Stats
Answer % Correct
Earth
70%
Sun
70%
Crab Nebula
60%
Milky Way
60%
Pulsar
50%
UY-Scuti
30%
Haumea
20%
TON-618
20%
Triangulum
20%
Dysnomia
0%
No matching quizzes found
Score Distribution
Percent of People with Each Score
Percentile by Number Answered
Your Score History
You have not taken this quiz